Auditing leadership : (Record no. 4812)

000 -LEADER
fixed length control field nam a22 7a 4500
005 - DATE AND TIME OF LATEST TRANSACTION
control field 20200210124010.0
008 - FIXED-LENGTH DATA ELEMENTS--GENERAL INFORMATION
fixed length control field 200210b2009 nju||||| |||| 00| 0 eng d
020 ## - INTERNATIONAL STANDARD BOOK NUMBER
International Standard Book Number 9780470450017
Terms of availability RM200.00
040 ## - CATALOGING SOURCE
Original cataloging agency AKMAL
082 ## - DEWEY DECIMAL CLASSIFICATION NUMBER
Classification number 658.4092 KUS
090 ## - LOCALLY ASSIGNED LC-TYPE CALL NUMBER (OCLC); LOCAL CALL NUMBER (RLIN)
Classification number (OCLC) (R) ; Classification number, CALL (RLIN) (NR) 658.4092
Local cutter number (OCLC) ; Book number/undivided call number, CALL (RLIN) KUS
100 ## - MAIN ENTRY--PERSONAL NAME
Personal name Kush, Brian D.
9 (RLIN) 9173
245 10 - TITLE STATEMENT
Title Auditing leadership :
Remainder of title the professional and leadership skills you need
Statement of responsibility, etc. Brian D. Kush.
260 ## - PUBLICATION, DISTRIBUTION, ETC.
Place of publication, distribution, etc. Hoboken, N.J.
Name of publisher, distributor, etc. Wiley
Date of publication, distribution, etc. c2009.
300 ## - PHYSICAL DESCRIPTION
Extent xiii, 238 p.
Other physical details illustrations
Dimensions 24cm
500 ## - GENERAL NOTE
General note Includes index.
600 #0 - SUBJECT ADDED ENTRY--PERSONAL NAME
Personal name Leadership.
9 (RLIN) 6518
600 #0 - SUBJECT ADDED ENTRY--PERSONAL NAME
Personal name Auditors.
9 (RLIN) 9174
942 ## - ADDED ENTRY ELEMENTS (KOHA)
Source of classification or shelving scheme
Koha item type Book
Holdings
Withdrawn status Lost status Source of classification or shelving scheme Damaged status Not for loan Collection code Home library Current library Shelving location Date acquired Inventory number Total Checkouts Full call number Barcode Date last seen Price effective from Koha item type
          NON-FICTION AKMAL Melaka AKMAL Melaka PINJAMAN 10.02.2020 011270   658.4092 KUS 201707822 10.02.2020 10.02.2020 Book
Pusat Sumber Maklumat Dato' Haji Sarmin Md Hussin, Akademi Kastam Diraja Malaysia, Melaka
Tel: 06-2331106 | Faks: 06-2313787